000
00336nam a2200145Ia 4500
005
20250325033226.0
008
240331s9999 xx 000 0 und d
082
_b
MAR
_a
894
100
_a
Marx, A
245
0
_a
Udaipadum punithangl
260
_a
Kovai
_b
Vidiyal Pathippagam
_c
1997
300
_a
130 p .,
650
_a
Essays
942
_c
L
999
_c
4047
_d
4047